Jawahrat-i-Farooqi/ (Record no. 34890)
[ view plain ]
| 000 -LEADER | |
|---|---|
| fixed length control field | 00443nam a22001697a 4500 |
| 005 - DATE AND TIME OF LATEST TRANSACTION | |
| control field | 20240611142059.0 |
| 008 - FIXED-LENGTH DATA ELEMENTS--GENERAL INFORMATION | |
| fixed length control field | 231211b |||||||| |||| 00| 0 eng d |
| 082 ## - DEWEY DECIMAL CLASSIFICATION NUMBER | |
| Classification number | 297 |
| Item number | ZIA-J |
| 100 ## - MAIN ENTRY--AUTHOR | |
| Author Name | Zia, Rehman farooqi |
| 245 ## - TITLE STATEMENT | |
| Title | Jawahrat-i-Farooqi/ |
| Statement of responsibility, etc. | Zia, Rehman farooqi |
| 250 ## - EDITION STATEMENT | |
| Edition statement | 2nd ed. |
| 260 ## - PUBLICATION, DISTRIBUTION, ETC. | |
| Place of Publication | Multan; |
| Name of publisher, distributor, etc. | Haider Kaerrar Academy; |
| Date of publication, distribution, etc. | 2004. |
| 300 ## - PHYSICAL DESCRIPTION | |
| Pages | 416 p.: |
| 650 ## - SUBJECT ADDED ENTRY--TOPICAL TERM | |
| Subject / Department | Other Religion/Islam |
| 300 ## - PHYSICAL DESCRIPTION | |
| -- | 21 cm. |
| 952 ## - LOCATION AND ITEM INFORMATION (KOHA) | |
| -- | 0 |
| -- | 0 |
| Lost status | Damaged status | Collection code | Permanent Location | Current Location | Shelving Location | Date acquired | Full Call Number | Accession No./Barcode | Date last seen | item type | Koha item type |
|---|---|---|---|---|---|---|---|---|---|---|---|
| Literature/Urdu/eng/Islamic | Superior Information Resource Center (SIRC) Superior University - City Campus | Superior Information Resource Center (SIRC) Superior University - City Campus | Islamic Studies | 12/11/2023 | 297 ZIA-J 2004 | 28272 | 12/11/2023 | BOOK | BOOK |
